Entry Nombre personal
001 - NÚMERO DE CONTROL
- campo de control: 94670
003 - IDENTIFICADOR DE NÚMERO DE CONTROL
- campo de control: SpMaBN
005 - FECHA Y HORA DE LA ÚLTIMA TRANSACCIÓN
- campo de control: 20231226211330.0
008 - ELEMENTOS DE DATO DE LONGITUD-FIJA
- campo de control de longitud fija: 271079nn aijnnaabn a aaa
016 ## - NÚMERO DE CONTROL DE UNA AGENCIA BIBLIOGRÁFICA NACIONAL
- Número de control del registro: BNE19913042447
024 7# - IDENTIFICADOR DE OTROS ESTÁNDARES
- Número estándar o código: http://viaf.org/viaf/73975529/
- Fuente: viaf
024 8# - IDENTIFICADOR DE OTROS ESTÁNDARES
- Número estándar o código: http://www.larramendi.es/aut/POLI20090014831
024 8# - IDENTIFICADOR DE OTROS ESTÁNDARES
- Número estándar o código: https://data.cervantesvirtual.com/person/241
024 7# - IDENTIFICADOR DE OTROS ESTÁNDARES
- Número estándar o código: https://isni.org/isni/000000011029512X
- Fuente: isni
024 7# - IDENTIFICADOR DE OTROS ESTÁNDARES
- Número estándar o código: http://www.wikidata.org/entity/Q380792
- Fuente: wikidata
040 ## - FUENTE DE CATALOGACIÓN
- Centro catalogador/agencia de origen: SpMaBN
- Lengua de catalogación: spa
- Centro/agencia transcriptor: SpMaBN
- Normas de descripción: rdc
- Convención/Normas de encabezamiento de materia/tesauro: embne
046 ## - FECHAS CON CODIFICACIÓN ESPECIAL
- Fecha de nacimiento: 1772
- Fecha de la muerte: 1857
100 1# - ENCABEZAMIENTO-NOMBRE DE PERSONA
- Nombre de persona: Quintana, Manuel José,
- Fechas asociadas al nombre: 1772-1857
370 ## - LUGAR ASOCIADO
- Lugar de nacimiento: Madrid, España
- Fuente de información: (Wikidata)
- Número de control del registro de autoridad o número normalizado: XX450543
372 ## - CAMPO DE ACTIVIDAD
- Campo de actividad: Poesía
- Fuente de información: Wikidata
373 ## - GRUPO ASOCIADO
- Grupo asociado: Real Academia Española
- Fuente de información: Wikidata
373 ## - GRUPO ASOCIADO
- Grupo asociado: Ateneo de Madrid
- Fuente de información: Galería de Retratos (2018)
374 ## - OCUPACIÓN
- Ocupación: Poetas
- Ocupación: Escritores
- Fuente de información: Wikidata
375 ## - GÉNERO/SEXO
- Género: Masculino
377 ## - IDIOMA ASOCIADO
- Término de lengua/lenguaje: Español
400 1# - TRAZADO DE VÉASE--NOMBRE DE PERSONA
- Nombre de persona: Quintana,
- Fechas asociadas al nombre: 1772-1857
400 1# - TRAZADO DE VÉASE--NOMBRE DE PERSONA
- Nombre de persona: Quintana, M. J.,
- Fechas asociadas al nombre: 1772-1857
400 1# - TRAZADO DE VÉASE--NOMBRE DE PERSONA
- Nombre de persona: Quintana, Manuel J.,
- Fechas asociadas al nombre: 1772-1857
400 1# - TRAZADO DE VÉASE--NOMBRE DE PERSONA
- Nombre de persona: Quintana y Lorenzo, Manuel José,
- Fechas asociadas al nombre: 1772-1857
670 ## - FUENTE DE DATOS ENCONTRADOS
- Cita de la fuente: Memoria del Cádiz de las Cortes, 1996
- Información encontrada: port. (Quintana) p. 12 (Manuel José Quintana y Lorenzo; Madrid, 1772-Madrid 1857)
670 ## - FUENTE DE DATOS ENCONTRADOS
- Cita de la fuente: Poesías de D. Manuel Josef Quintana, 1813
670 ## - FUENTE DE DATOS ENCONTRADOS
- Cita de la fuente: Selección poética, 1978
- Información encontrada: port. (Manuel J. Quintana)
670 ## - FUENTE DE DATOS ENCONTRADOS
- Cita de la fuente: Vidas de españoles célebres, 1942-46
- Información encontrada: port. (M.J. Quintana)
670 ## - FUENTE DE DATOS ENCONTRADOS
- Cita de la fuente: Dic. de literatura española e hispanoamericana, 1993
- Información encontrada: (Quintana, Manuel José; Madrid, 1772-1857)
678 ## - DATOS BIOGRÁFICOS O HISTÓRICOS
- Datos biográficos o históricos: Socio del Ateneo de Madrid
- Ampliación de la nota: Fuente: Galería de Retratos (2018)
